Generaciones y semblanzas / (Record n. 10950)
[ formato base ]
| 000 -LEADER | |
|---|---|
| fixed length control field | 00771nam a2200217 i 4500 |
| 003 - CONTROL NUMBER IDENTIFIER | |
| control field | IT-RoINE |
| 005 - DATE AND TIME OF LATEST TRANSACTION | |
| control field | 20160209061610.0 |
| 008 - FIXED-LENGTH DATA ELEMENTS--GENERAL INFORMATION | |
| fixed length control field | 960722s1954 sp r | spa d |
| 040 ## - CATALOGING SOURCE | |
| Original cataloging agency | SpMaBN |
| Transcribing agency | CDM IT-RoINE |
| Modifying agency | IT-RoINE |
| 100 1# - MAIN ENTRY--PERSONAL NAME | |
| Personal name | Pérez de Guzmán, Fernán, |
| Dates associated with a name | ca. 1376-1460 |
| 9 (RLIN) | 22588 |
| 245 10 - TITLE STATEMENT | |
| Title | Generaciones y semblanzas / |
| Statement of responsibility, etc | Fernán Pérez de Guzmán ; edición y notas de J. Domínguez Bordona. |
| 260 ## - PUBLICATION, DISTRIBUTION, ETC. (IMPRINT) | |
| Place of publication, distribution, etc | Madrid : |
| Name of publisher, distributor, etc | Espasa-Calpe, |
| Date of publication, distribution, etc | 1954. |
| 300 ## - PHYSICAL DESCRIPTION | |
| Extent | XXXVI, 228 p. ; |
| Dimensions | 20 cm. |
| 336 ## - CONTENT TYPE | |
| Source | rdacontent |
| Content type term | text |
| 337 ## - MEDIA TYPE | |
| Source | rdamedia |
| Media type term | unmediated |
| 338 ## - CARRIER TYPE | |
| Source | rdacarrier |
| Carrier type term | volume |
| 490 1# - SERIES STATEMENT | |
| Series statement | Clásicos castellanos ; |
| Volume number/sequential designation | 61 |
| 700 1# - ADDED ENTRY--PERSONAL NAME | |
| Personal name | Domínguez Bordona, Jesús, |
| Dates associated with a name | 1889-1963 |
| 9 (RLIN) | 22589 |
| 830 #0 - SERIES ADDED ENTRY--UNIFORM TITLE | |
| 9 (RLIN) | 22520 |
| Uniform title | Clásicos castellanos (Espasa-Calpe) ; |
| Volume number/sequential designation | 61 |
| 942 ## - ADDED ENTRY ELEMENTS (KOHA) | |
| Item type | Monografías |
| Withdrawn status | Lost status | Damaged status | Not for loan | Home library | Current library | Date acquired | Total Checkouts | Full call number | Barcode | Date last seen | Price effective from | Koha item type |
|---|---|---|---|---|---|---|---|---|---|---|---|---|
| Iglesia Nacional Española en Roma | Iglesia Nacional Española en Roma | 09/02/2016 | COL.A 31.61 | 19296 | 09/02/2016 | 09/02/2016 | Monografías |